Crenças Fundamentais dos Adventistas do Sétimo Dia - Statistics

Estatísticas Gerais
  • Esse quiz foi jogado 6 vezes
  • A pontuação média é 12 de 28
Estatísticas das Respostas
Doutrina Crenças Fundamentais % Correto
12 . A Igreja
75%
1. As Escrituras Sagradas
75%
2 . A Trindade
75%
16. A Ceia do Senhor
50%
6 . A Criação
50%
7 . A Natureza da Humanidade
50%
28 . A Nova Terra
50%
11. Crescimento em Cristo
50%
21. Mordomia
50%
15 . O Batismo
50%
18. O Dom de Profecia
50%
5. O Espírito Santo
50%
4 . O Filho
50%
8 . O Grande Conflito
50%
24 . O Ministério de Cristo no Santuário Celestial
50%
3 . O Pai
50%
20 . O Sábado
50%
10. A Experiência da Salvação
25%
25. A Segunda Vinda de Cristo
25%
23. Casamento e Família
25%
22. Conduta Cristã
25%
17. Dons e Ministérios Espirituais
25%
19 . Lei de Deus
25%
26. Morte e Ressurreição
25%
27 . O Milênio e o Fim do Pecado
25%
13 . O Remanescente e Sua Missão
25%
14. Unidade no Corpo de Cristo
25%
9. Vida, Morte e Ressurreição de Cristo
25%
Nenhum quiz correspondente encontrado
Distribuição das Pontuações
Porcentagem de Pessoas com Cada Pontuação
Percentil de Números Respondidos
Sua Pontuação Histórica
Você não jogou esse quiz